LEADER 01191nam0 2200289 450 001 000026224 005 20090909105500.0 100 $a20090706d1963----km-y0itaa50------ba 101 0 $aita 102 $aIT 200 1 $aTeatro$fMichel de Ghelderode$ga cura di Gianni Nicoletti e Flaviarosa Rossini 210 $aTorino$cEinaudi$dc1963 215 $aXXIV, 492 p.$d23 cm. 327 1 $aContiene: Il Cavalier Bizzarro, Escuriale, Cristoforo Colombo, Le Donne al Sepolcro, Pantagleize, Uscita di scena, Magia rossa, I Ciechi, Sire Halewyn, La Farsa dei Tenebrosi, Maria la Miserabile 676 $a842.9$v(21. ed.)$9Letteratura drammatica francese. 1900- 700 1$aGhelderode,$bMichel : de$0193164 702 1$aNicoletti,$bGianni 702 1$aRossini,$bFlaviarosa 801 0$aIT$bUniversità della Basilicata - B.I.A.$gRICA$2unimarc 912 $a000026224 996 $aTeatro$989644 997 $aUNIBAS BAS $aLETTERE CAT $aEXT10$b01$c20090706$lBAS01$h1123 CAT $aATR$b20$c20090909$lBAS01$h1055 FMT Z30 -1$lBAS01$LBAS01$mBOOK$1BASA1$APolo Storico-Umanistico$2FMAS$BFondo Masini$3FMas/817/2971$6817/2971$5B817/2971$820090706$f04$FPrestabile Didattica